[Event "Karlsruhe Grenke Playoffs 5-6"]
[Site "Karlsruhe"]
[Date "2024.04.01"]
[Round "2"]
[White "Fridman, Daniel"]
[Black "Ding, Liren"]
[Result "1/2-1/2"]
[WhiteElo "2591"]
[BlackElo "2762"]
[PlyCount "55"]
[EventDate "2024.04.01"]
[EventType "match (rapid)"]
[EventRounds "2"]
[EventCountry "GER"]
[SourceTitle "CB14_2024"]
[SourceDate "2024.04.01"]
[SourceVersion "1"]
[SourceVersionDate "2024.04.01"]
[SourceQuality "1"]

1. Nf3 d5 2. g3 Nf6 3. Bg2 c5 4. 0-0 e6 5. c4 d4 6. e3 Nc6 7. d3 Bd6 8. exd4 cxd4 9. Bg5 h6 10. Bxf6 Qxf6 11. Nbd2 Qe7 12. a3 a5 13. Ne4 Bc7 14. b4 axb4 15. axb4 Rxa1 16. Qxa1 f5 17. Nc5 Nxb4 18. Qa4+ Kf7 19. Qxb4 Bd6 20. Qb5 Bxc5 21. Ne5+ Kf6 22. f4 Rd8 23. Rb1 Bd6 24. h4 Qc7 25. Nf3 Bc5 26. Ne5 Bd6 27. Nf3 Bc5 28. Ne5 1/2-1/2

[Event "Karlsruhe Grenke"]
[Site "Karlsruhe"]
[Date "2024.03.30"]
[Round "8"]
[White "Ding, Liren"]
[Black "Carlsen, Magnus"]
[Result "1/2-1/2"]
[WhiteElo "2762"]
[BlackElo "2830"]
[PlyCount "72"]
[EventDate "2024.03.26"]
[EventType "tourn"]
[EventRounds "10"]
[EventCountry "GER"]
[EventCategory "20"]
[SourceTitle "CB14_2024"]
[SourceDate "2024.04.01"]
[SourceVersion "1"]
[SourceVersionDate "2024.04.01"]
[SourceQuality "1"]

1. d4 Nf6 2. c4 e6 3. Nf3 Bb4+ 4. Bd2 Bxd2+ 5. Qxd2 d5 6. e3 0-0 7. Be2 b6 8. 0-0 Bb7 9. cxd5 Nxd5 10. Nc3 Nd7 11. Nxd5 Bxd5 12. b4 a5 13. b5 Rc8 14. Rfc1 c5 15. bxc6 Rxc6 16. Rxc6 Bxc6 17. Rc1 Qa8 18. Ne1 Rc8 19. Bf3 Bxf3 20. Nxf3 h6 21. h3 Rc6 22. Qb2 b5 23. Rxc6 Qxc6 24. Qa3 a4 25. Qe7 f6 26. Ne1 Nf8 27. Nd3 Qc4 28. Nb4 Qc1+ 29. Kh2 Qd2 30. Nc6 Qxf2 31. Qe8 Qxe3 32. Ne7+ Kh7 33. Qxf8 Qf4+ 34. Kh1 Qf1+ 35. Kh2 Qf4+ 36. Kh1 Qf1+ 1/2-1/2

[Event "Karlsruhe Grenke"]
[Site "Karlsruhe"]
[Date "2024.03.30"]
[Round "7"]
[White "Rapport, Richard"]
[Black "Ding, Liren"]
[Result "1-0"]
[WhiteElo "2720"]
[BlackElo "2762"]
[PlyCount "107"]
[EventDate "2024.03.26"]
[EventType "tourn"]
[EventRounds "10"]
[EventCountry "GER"]
[EventCategory "20"]
[SourceTitle "CB14_2024"]
[SourceDate "2024.04.01"]
[SourceVersion "1"]
[SourceVersionDate "2024.04.01"]
[SourceQuality "1"]

1. e4 e5 2. Bc4 Nf6 3. Nc3 Bc5 4. Nge2 0-0 5. 0-0 c6 6. d4 exd4 7. Nxd4 d5 8. exd5 cxd5 9. Bb3 Bg4 10. f3 Nc6 11. Nce2 Bh5 12. c3 Re8 13. Bg5 Bg6 14. Kh1 Qb6 15. Bxf6 gxf6 16. Nf4 Ne7 17. Qd2 Kg7 18. Rfe1 Bxd4 19. Qxd4 Qxd4 20. cxd4 Nf5 21. Red1 Rad8 22. Rac1 Ne3 23. Re1 Nc4 24. Rxe8 Rxe8 25. h4 b5 26. Nxd5 Nxb2 27. Rc7 a5 28. Nf4 a4 29. Bd5 Nd3 30. Nxg6 hxg6 31. Rxf7+ Kh6 32. Rxf6 Rd8 33. Bc6 Kg7 34. Re6 Rxd4 35. Bxb5 Rxh4+ 36. Kg1 Rd4 37. a3 g5 38. Re3 Nf4 39. Re4 Rd1+ 40. Bf1 Nd5 41. Kf2 Rd2+ 42. Kg3 Rd1 43. Bc4 Nf4 44. Kg4 Nxg2 45. Kxg5 Ra1 46. Re8 Rxa3 47. Rg8+ Kh7 48. Rf8 Rc3 49. Rf7+ Kg8 50. Be6 Re3 51. Bd5 a3 52. Kh6 Rd3 53. Bc4 Ne3 54. Rg7+ 1-0

[Event "Karlsruhe Grenke"]
[Site "Karlsruhe"]
[Date "2024.03.28"]
[Round "5"]
[White "Fridman, Daniel"]
[Black "Ding, Liren"]
[Result "1/2-1/2"]
[WhiteElo "2590"]
[BlackElo "2762"]
[PlyCount "94"]
[EventDate "2024.03.26"]
[EventType "tourn"]
[EventRounds "10"]
[EventCountry "GER"]
[EventCategory "20"]
[SourceTitle "CB14_2024"]
[SourceDate "2024.04.01"]
[SourceVersion "1"]
[SourceVersionDate "2024.04.01"]
[SourceQuality "1"]

1. Nf3 Nf6 2. g3 d5 3. Bg2 c5 4. 0-0 e6 5. c4 d4 6. e3 Nc6 7. d3 h6 8. exd4 cxd4 9. Bf4 Nd7 10. Re1 Be7 11. Na3 0-0 12. Nc2 Re8 13. Be5 Ncxe5 14. Nxe5 Nxe5 15. Rxe5 Bd7 16. Re4 Qc7 17. Nxd4 Rad8 18. Qb3 Bc6 19. Nxc6 bxc6 20. d4 Rd7 21. Rd1 Red8 22. d5 cxd5 23. cxd5 Rxd5 24. Rxd5 Rxd5 25. Rc4 Rc5 26. Rxc5 Bxc5 27. Qb5 g6 28. Bf3 Qe5 29. Qe2 Qd4 30. Kg2 h5 31. h4 Kg7 32. a3 a5 33. b4 axb4 34. axb4 Qxb4 35. Qe5+ Kg8 36. Qe4 Qb2 37. Qe2 Qd4 38. Bc6 Kg7 39. Bf3 e5 40. Bc6 f5 41. Bb7 e4 42. Bc6 Kf6 43. Bb7 g5 44. hxg5+ Kxg5 45. Bc6 Qd3 46. f4+ exf3+ 47. Bxf3 Qxe2+ 1/2-1/2

[Event "Tata Steel-A 86th"]
[Site "Wijk aan Zee"]
[Date "2024.01.24"]
[Round "10"]
[White "Nepomniachtchi, Ian"]
[Black "Ding, Liren"]
[Result "1-0"]
[WhiteElo "2769"]
[BlackElo "2780"]
[PlyCount "71"]
[EventDate "2024.01.13"]
[EventType "tourn"]
[EventRounds "13"]
[EventCountry "NED"]
[EventCategory "19"]
[SourceTitle "CB05_2024"]
[SourceDate "2024.01.31"]
[SourceVersion "1"]
[SourceVersionDate "2024.01.31"]
[SourceQuality "1"]

1. e4 e5 2. Nf3 Nc6 3. Bb5 a6 4. Ba4 Nf6 5. 0-0 Be7 6. d3 b5 7. Bb3 d6 8. c3 0-0 9. a4 Bd7 10. Ba2 h6 11. h3 Re8 12. Be3 Rb8 13. Nbd2 Bf8 14. g4 Be6 15. Bxe6 Rxe6 16. axb5 axb5 17. g5 hxg5 18. Nxg5 Re8 19. Kh2 d5 20. Rg1 d4 21. cxd4 exd4 22. Bf4 Bd6 23. Bg3 Bxg3+ 24. Rxg3 Qd6 25. Kg1 Ra8 26. Rxa8 Rxa8 27. Qb3 Qd7 28. Ndf3 Rb8 29. Qc2 Rb6 30. e5 Nh5 31. Rg4 Rb8 32. Qc5 Rd8 33. Ne4 Qe6 34. Rh4 Rd5 35. Qa3 g6 36. Nfg5 1-0

[Event "Tata Steel-A 86th"]
[Site "Wijk aan Zee"]
[Date "2024.01.19"]
[Round "6"]
[White "Ding, Liren"]
[Black "Abdusattorov, Nodirbek"]
[Result "1/2-1/2"]
[WhiteElo "2780"]
[BlackElo "2727"]
[PlyCount "59"]
[EventDate "2024.01.13"]
[EventType "tourn"]
[EventRounds "13"]
[EventCountry "NED"]
[EventCategory "19"]
[SourceTitle "CB05_2024"]
[SourceDate "2024.01.31"]
[SourceVersion "1"]
[SourceVersionDate "2024.01.31"]
[SourceQuality "1"]

1. d4 d5 2. c4 dxc4 3. Nf3 Nf6 4. e3 e6 5. Bxc4 c5 6. 0-0 a6 7. b3 b6 8. Ba3 Nbd7 9. d5 exd5 10. Bxd5 Rb8 11. Bb2 Be7 12. Nc3 b5 13. e4 0-0 14. Re1 Nxd5 15. Nxd5 Bb7 16. Qc2 Bxd5 17. exd5 Bf6 18. d6 Bxb2 19. Qxb2 Qf6 20. Qxf6 Nxf6 21. Rac1 Rfd8 22. Rxc5 Rxd6 23. g3 Kf8 24. Kg2 Rbd8 25. a4 bxa4 26. bxa4 Rd5 27. Rc7 R8d7 28. Rc8+ Rd8 29. Rc7 R8d7 30. Rc8+ 1/2-1/2

[Event "Tata Steel-A 86th"]
[Site "Wijk aan Zee"]
[Date "2024.01.15"]
[Round "3"]
[White "Gukesh, Dommaraju"]
[Black "Ding, Liren"]
[Result "0-1"]
[WhiteElo "2725"]
[BlackElo "2780"]
[PlyCount "74"]
[EventDate "2024.01.13"]
[EventType "tourn"]
[EventRounds "13"]
[EventCountry "NED"]
[EventCategory "19"]
[SourceTitle "CB05_2024"]
[SourceDate "2024.01.31"]
[SourceVersion "1"]
[SourceVersionDate "2024.01.31"]
[SourceQuality "1"]

1. e4 e5 2. Nf3 Nc6 3. Bc4 Nf6 4. d3 Bc5 5. c3 d6 6. a4 a5 7. Bg5 h6 8. Bh4 Ba7 9. Na3 Qe7 10. Nb5 Bb6 11. Qb3 g5 12. Bg3 0-0 13. 0-0-0 Nh5 14. d4 exd4 15. Nbxd4 g4 16. Nh4 Bxd4 17. cxd4 Qxe4 18. Rhe1 Qh7 19. Rd2 Bd7 20. Bd3 Qg7 21. Bf5 Bxf5 22. Nxf5 Qg5 23. Qb5 Rfe8 24. Re3 Ng7 25. Nxg7 Kxg7 26. d5 Rxe3 27. fxe3 Nb4 28. Qxb7 Re8 29. Bf4 Qf5 30. Qb5 Na2+ 31. Kd1 Qb1+ 32. Ke2 Qg1 33. Kd3 Nb4+ 34. Kd4 Qe1 35. Rd3 Qe2 36. Rc3 Qd2+ 37. Kc4 Re4+ 0-1

[Event "Chengdu Chess King"]
[Site "Chengdu"]
[Date "2024.01.07"]
[Round "3.1"]
[White "Ding, Liren"]
[Black "Wang, Hao"]
[Result "1/2-1/2"]
[WhiteElo "2780"]
[BlackElo "2702"]
[PlyCount "98"]
[EventDate "2024.01.06"]
[EventType "k.o. (rapid)"]
[EventRounds "4"]
[EventCountry "CHN"]
[SourceTitle "CB02_2024"]
[SourceDate "2024.01.10"]
[SourceVersion "1"]
[SourceVersionDate "2024.01.10"]
[SourceQuality "1"]

1. c4 e6 2. Nc3 d5 3. d4 Nf6 4. cxd5 exd5 5. Bg5 c6 6. e3 h6 7. Bh4 Be7 8. Bd3 0-0 9. Nge2 Ne4 10. Bxe7 Qxe7 11. Bxe4 dxe4 12. 0-0 Nd7 13. h3 Nf6 14. Qa4 Rd8 15. Rac1 Be6 16. Rfd1 h5 17. Qa5 Bd5 18. a3 h4 19. b4 Bb3 20. Rd2 Nd5 21. Qc5 Qe6 22. Nxd5 cxd5 23. Qc7 Bc4 24. Nf4 Qd6 25. Qxd6 Rxd6 26. g3 hxg3 27. fxg3 b5 28. h4 a5 29. Kf2 axb4 30. axb4 Rda6 31. g4 Ra2 32. Rxa2 Rxa2+ 33. Kg3 Ra3 34. Kf2 g6 35. Rb1 Kg7 36. g5 Ra2+ 37. Kg3 Kf8 38. Ng2 Ke7 39. Nf4 Kd7 40. Kg4 Ra3 41. Ng2 Ke6 42. Nf4+ Kd6 43. Ng2 Be2+ 44. Kf4 Ra2 45. Kg3 Ra3 46. Kf2 Ra2 47. Kg3 Bd3 48. Rb3 Ra1 49. Rb2 Bf1 1/2-1/2

[Event "Chengdu Chess King"]
[Site "Chengdu"]
[Date "2024.01.06"]
[Round "2.1"]
[White "Bai, Jinshi"]
[Black "Ding, Liren"]
[Result "1/2-1/2"]
[WhiteElo "2586"]
[BlackElo "2780"]
[PlyCount "44"]
[EventDate "2024.01.06"]
[EventType "k.o. (rapid)"]
[EventRounds "4"]
[EventCountry "CHN"]
[SourceTitle "CB02_2024"]
[SourceDate "2024.01.10"]
[SourceVersion "1"]
[SourceVersionDate "2024.01.10"]
[SourceQuality "1"]

1. d4 Nf6 2. Nf3 e6 3. g3 b5 4. Bg2 d5 5. a4 b4 6. c4 bxc3 7. Nxc3 Nbd7 8. 0-0 Ba6 9. Bf4 c6 10. Qc2 Be7 11. Rfd1 0-0 12. e4 Rc8 13. h4 Nxe4 14. Nxe4 dxe4 15. Qxe4 Nf6 16. Qc2 Qb6 17. Ne5 c5 18. a5 Qb5 19. Qa4 Qxa4 20. Rxa4 Bb5 21. Raa1 c4 22. Bb7 Rcd8 1/2-1/2

[Event "Aimchess Play In op"]
[Site "Chess.com INT"]
[Date "2023.06.12"]
[Round "2"]
[White "Ding, Liren"]
[Black "Swiercz, Dariusz"]
[Result "1-0"]
[WhiteElo "2780"]
[BlackElo "2640"]
[PlyCount "127"]
[EventDate "2023.06.12"]
[EventType "swiss (rapid)"]
[EventRounds "9"]
[EventCountry "USA"]
[SourceTitle "CBM 214 Extra"]
[Source "ChessBase"]
[SourceDate "2023.07.31"]
[SourceVersion "1"]
[SourceVersionDate "2023.07.31"]
[SourceQuality "1"]

1. e4 c5 2. Nf3 d6 3. Bb5+ Nd7 4. a4 Ngf6 5. Nc3 a6 6. Be2 g6 7. 0-0 Bg7 8. a5 0-0 9. d3 b5 10. axb6 Bb7 11. Nd2 Nxb6 12. Nb3 Rb8 13. Be3 Qc7 14. Qd2 Rfe8 15. h3 Nfd7 16. f4 d5 17. Bf2 c4 18. Na5 d4 19. Na4 Nxa4 20. Rxa4 Nb6 21. Ra2 Rec8 22. dxc4 Bxe4 23. Bxd4 Bxd4+ 24. Qxd4 Bxc2 25. b4 Bf5 26. c5 Nd5 27. Qxd5 Be6 28. Qd2 Rd8 29. Qc2 Bxa2 30. Qxa2 Rxb4 31. Nb3 Rxf4 32. Qxa6 Rxf1+ 33. Bxf1 Qe5 34. Qc4 Rb8 35. c6 Qd6 36. Kh1 Rc8 37. Na5 Rc7 38. Be2 e6 39. Bf3 Qe5 40. Nb7 Qe1+ 41. Kh2 Qe5+ 42. Kg1 Qe1+ 43. Qf1 Qe3+ 44. Kh1 h5 45. Nd6 Qc5 46. Ne8 Rc8 47. Nf6+ Kg7 48. Qa1 e5 49. Nd7 Qd4 50. Qxd4 exd4 51. Kg1 f5 52. Nb6 Rc7 53. Na8 Rc8 54. c7 d3 55. Kf2 Kf6 56. Bb7 Re8 57. c8Q Rxc8 58. Bxc8 g5 59. Ke3 Ke5 60. Nb6 g4 61. Nc4+ Kd5 62. Kxd3 f4 63. hxg4 h4 64. g5 1-0

[Event "Bucharest Superbet Classic 3rd"]
[Site "Bucharest"]
[Date "2023.05.09"]
[Round "4"]
[White "Ding, Liren"]
[Black "Duda, Jan Krzysztof"]
[Result "1/2-1/2"]
[WhiteElo "2788"]
[BlackElo "2724"]
[PlyCount "75"]
[EventDate "2023.05.04"]
[EventType "tourn"]
[EventRounds "9"]
[EventCountry "ROU"]
[EventCategory "21"]
[SourceTitle "CBM 214"]
[Source "ChessBase"]
[SourceDate "2023.06.30"]
[SourceVersion "1"]
[SourceVersionDate "2023.06.30"]
[SourceQuality "1"]

1. Nf3 d5 2. g3 Nf6 3. Bg2 e6 4. 0-0 Be7 5. d4 0-0 6. a3 b5 7. Nc3 a6 8. Nd2 Nbd7 9. e4 dxe4 10. Ndxe4 Rb8 11. Nxf6+ Nxf6 12. Re1 Bb7 13. Bxb7 Rxb7 14. Qf3 Rb6 15. Bf4 Qd7 16. Be5 Rd8 17. Rad1 Nd5 18. Nxd5 exd5 19. Bf4 Bf8 20. Rd3 Rc6 21. Rc3 Re8 22. Rxe8 Qxe8 23. Re3 Qd7 24. c3 Rf6 25. Qe2 c6 26. b4 Re6 27. Rxe6 Qxe6 28. Qxe6 fxe6 29. Be5 Be7 30. Kg2 Kf7 31. f4 h5 32. Kf3 g6 33. h3 Bd8 34. h4 Be7 35. Ke3 Bd8 36. Kf3 Be7 37. Ke3 Bd8 38. Kf3 1/2-1/2

[Event "Bucharest Superbet Classic 3rd"]
[Site "Bucharest"]
[Date "2023.05.07"]
[Round "2"]
[White "Ding, Liren"]
[Black "Caruana, Fabiano"]
[Result "1/2-1/2"]
[WhiteElo "2788"]
[BlackElo "2764"]
[PlyCount "42"]
[EventDate "2023.05.04"]
[EventType "tourn"]
[EventRounds "9"]
[EventCountry "ROU"]
[EventCategory "21"]
[SourceTitle "CBM 214"]
[Source "ChessBase"]
[SourceDate "2023.06.30"]
[SourceVersion "1"]
[SourceVersionDate "2023.06.30"]
[SourceQuality "1"]

1. c4 Nf6 2. g3 e6 3. Bg2 d5 4. Nf3 Be7 5. 0-0 0-0 6. d4 dxc4 7. Qc2 a6 8. a4 Nc6 9. Qxc4 Na5 10. Qc2 b6 11. Ne5 Bb7 12. Bxb7 Nxb7 13. Nc6 Qd7 14. Rd1 Rfc8 15. Bg5 h6 16. Bxf6 Bxf6 17. Ra3 Nc5 18. Nb4 Nb7 19. Nc6 Nc5 20. Nb4 Nb7 21. Nc6 Nc5 1/2-1/2

[Event "World-ch Nepomniachtchi-Ding Tiebreak"]
[Site "Astana"]
[Date "2023.04.30"]
[Round "3"]
[White "Ding, Liren"]
[Black "Nepomniachtchi, Ian"]
[Result "1/2-1/2"]
[WhiteElo "2788"]
[BlackElo "2795"]
[PlyCount "65"]
[EventDate "2023.04.30"]
[EventType "match (rapid)"]
[EventRounds "4"]
[EventCountry "KAZ"]
[SourceTitle "CBM 213 Extra"]
[Source "ChessBase"]
[SourceDate "2023.05.31"]
[SourceVersion "1"]
[SourceVersionDate "2023.05.31"]
[SourceQuality "1"]

1. Nf3 d5 2. g3 Nf6 3. Bg2 e6 4. 0-0 Be7 5. c4 0-0 6. b3 c5 7. cxd5 Nxd5 8. Bb2 Nc6 9. d4 cxd4 10. Nxd4 Nxd4 11. Qxd4 Bf6 12. Qd2 Nf4 13. gxf4 Qxd2 14. Nxd2 Bxb2 15. Rad1 Bf6 16. Nc4 Rb8 17. Ne5 Rd8 18. Rxd8+ Bxd8 19. Rd1 Be7 20. Nd7 Bxd7 21. Rxd7 Kf8 22. Bxb7 Rd8 23. Rc7 a5 24. Rc4 Bb4 25. Rc2 Rd2 26. Rxd2 Bxd2 27. e3 Bb4 28. Kf1 Ke7 29. Ke2 Kd6 30. Kd3 Be1 31. Ke2 Bb4 32. Kd3 Be1 33. Ke2 1/2-1/2

[Event "World-ch Nepomniachtchi-Ding Tiebreak"]
[Site "Astana"]
[Date "2023.04.30"]
[Round "2"]
[White "Nepomniachtchi, Ian"]
[Black "Ding, Liren"]
[Result "1/2-1/2"]
[WhiteElo "2795"]
[BlackElo "2788"]
[PlyCount "94"]
[EventDate "2023.04.30"]
[EventType "match (rapid)"]
[EventRounds "4"]
[EventCountry "KAZ"]
[SourceTitle "CBM 213 Extra"]
[Source "ChessBase"]
[SourceDate "2023.05.31"]
[SourceVersion "1"]
[SourceVersionDate "2023.05.31"]
[SourceQuality "1"]

1. e4 e5 2. Nf3 Nc6 3. Bb5 a6 4. Ba4 Nf6 5. 0-0 Be7 6. d3 b5 7. Bb3 d6 8. a4 Bd7 9. h3 0-0 10. Be3 Na5 11. Ba2 bxa4 12. Bd2 Nc6 13. Nc3 Rb8 14. Nxa4 Nd4 15. Bc4 c6 16. Nxd4 exd4 17. Bf4 Be6 18. Re1 a5 19. Qf3 Rb7 20. e5 Nd5 21. exd6 Bxd6 22. Bxd6 Qxd6 23. Qe4 Nf4 24. Qe5 Qxe5 25. Rxe5 Bxc4 26. dxc4 Rb4 27. Rc5 d3 28. cxd3 Nxd3 29. Rxc6 Ne5 30. Rc7 Nxc4 31. Nc5 Nxb2 32. Nd7 Re8 33. Rxa5 Nd3 34. Rg5 Rf4 35. f3 h6 36. Rd5 Nb4 37. Rd6 Rf5 38. Rb7 Rd5 39. Rdb6 Rd8 40. Nf6+ gxf6 41. Rxb4 Rd4 42. Rxd4 Rxd4 43. Kh2 Kg7 44. Rb2 Rd5 45. Ra2 Rd4 46. Rb2 Rd5 47. Ra2 Rd4 1/2-1/2

[Event "World-ch Nepomniachtchi-Ding Tiebreak"]
[Site "Astana"]
[Date "2023.04.30"]
[Round "4"]
[White "Nepomniachtchi, Ian"]
[Black "Ding, Liren"]
[Result "0-1"]
[WhiteElo "2795"]
[BlackElo "2788"]
[PlyCount "136"]
[EventDate "2023.04.30"]
[EventType "match (rapid)"]
[EventRounds "4"]
[EventCountry "KAZ"]
[SourceTitle "CBM 214"]
[Source "ChessBase"]
[SourceDate "2023.06.30"]
[SourceVersion "1"]
[SourceVersionDate "2023.06.30"]
[SourceQuality "1"]

1. e4 e5 2. Nf3 Nc6 3. Bb5 a6 4. Ba4 Nf6 5. 0-0 Be7 6. d3 b5 7. Bb3 d6 8. a4 Bd7 9. h3 0-0 10. Be3 Na5 11. Ba2 bxa4 12. Nc3 Rb8 13. Bb1 Qe8 14. b3 c5 15. Nxa4 Nc6 16. Nc3 a5 17. Nd2 Be6 18. Nc4 d5 19. exd5 Nxd5 20. Bd2 Nxc3 21. Bxc3 Bxc4 22. bxc4 Bd8 23. Bd2 Bc7 24. c3 f5 25. Re1 Rd8 26. Ra2 Qg6 27. Qe2 Qd6 28. g3 Rde8 29. Qf3 e4 30. dxe4 Ne5 31. Qg2 Nd3 32. Bxd3 Qxd3 33. exf5 Rxe1+ 34. Bxe1 Qxc4 35. Ra1 Rxf5 36. Bd2 h6 37. Qc6 Rf7 38. Re1 Kh7 39. Be3 Be5 40. Qe8 Bxc3 41. Rc1 Rf6 42. Qd7 Qe2 43. Qd5 Bb4 44. Qe4+ Kg8 45. Qd5+ Kh7 46. Qe4+ Rg6 47. Qf5 c4 48. h4 Qd3 49. Qf3 Rf6 50. Qg4 c3 51. Rd1 Qg6 52. Qc8 Rc6 53. Qa8 Rd6 54. Rxd6 Qxd6 55. Qe4+ Qg6 56. Qc4 Qb1+ 57. Kh2 a4 58. Bd4 a3 59. Qc7 Qg6 60. Qc4 c2 61. Be3 Bd6 62. Kg2 h5 63. Kf1 Be5 64. g4 hxg4 65. h5 Qf5 66. Qd5 g3 67. f4 a2 68. Qxa2 Bxf4 0-1

[Event "World-ch Nepomniachtchi-Ding"]
[Site "Astana"]
[Date "2023.04.27"]
[Round "13"]
[White "Nepomniachtchi, Ian"]
[Black "Ding, Liren"]
[Result "1/2-1/2"]
[WhiteElo "2795"]
[BlackElo "2788"]
[PlyCount "79"]
[EventDate "2023.04.09"]
[EventType "match"]
[EventRounds "14"]
[EventCountry "KAZ"]
[SourceTitle "CBM 214"]
[Source "ChessBase"]
[SourceDate "2023.06.30"]
[SourceVersion "1"]
[SourceVersionDate "2023.06.30"]
[SourceQuality "1"]

1. e4 e5 2. Nf3 Nc6 3. Bb5 a6 4. Ba4 Nf6 5. 0-0 Be7 6. d3 b5 7. Bb3 d6 8. c3 0-0 9. h3 Bb7 10. Be3 Na5 11. Bc2 c5 12. Nbd2 Re8 13. a4 h6 14. d4 exd4 15. cxd4 cxd4 16. Nxd4 Nc4 17. Nxc4 bxc4 18. f3 Bf8 19. Bf2 d5 20. exd5 Nxd5 21. Be4 Re5 22. Rc1 Rc8 23. Ne2 Qe7 24. Qd4 f5 25. Bg3 Rxe4 26. fxe4 Qxe4 27. Qxe4 fxe4 28. Rfd1 Nb4 29. Rd7 Bc5+ 30. Kh2 Bc6 31. Rc7 Rxc7 32. Bxc7 Bd5 33. Nc3 Nd3 34. Rc2 Bc6 35. a5 Kf7 36. Re2 Nc1 37. Re1 Nd3 38. Re2 Nc1 39. Re1 Nd3 40. Re2 1/2-1/2

[Event "World-ch Nepomniachtchi-Ding"]
[Site "Astana"]
[Date "2023.04.13"]
[Round "4"]
[White "Ding, Liren"]
[Black "Nepomniachtchi, Ian"]
[Result "1-0"]
[WhiteElo "2788"]
[BlackElo "2795"]
[PlyCount "93"]
[EventDate "2023.04.09"]
[EventType "match"]
[EventRounds "14"]
[EventCountry "KAZ"]
[SourceTitle "CBM 214"]
[Source "ChessBase"]
[SourceDate "2023.06.30"]
[SourceVersion "1"]
[SourceVersionDate "2023.06.30"]
[SourceQuality "1"]

1. c4 Nf6 2. Nc3 e5 3. Nf3 Nc6 4. e3 Bb4 5. Qc2 Bxc3 6. bxc3 d6 7. e4 0-0 8. Be2 Nh5 9. d4 Nf4 10. Bxf4 exf4 11. 0-0 Qf6 12. Rfe1 Re8 13. Bd3 Bg4 14. Nd2 Na5 15. c5 dxc5 16. e5 Qh6 17. d5 Rad8 18. c4 b6 19. h3 Bh5 20. Be4 Re7 21. Qc3 Rde8 22. Bf3 Nb7 23. Re2 f6 24. e6 Nd6 25. Rae1 Nf5 26. Bxh5 Qxh5 27. Re4 Qh6 28. Qf3 Nd4 29. Rxd4 cxd4 30. Nb3 g5 31. Nxd4 Qg6 32. g4 fxg3 33. fxg3 h5 34. Nf5 Rh7 35. Qe4 Kh8 36. e7 Qf7 37. d6 cxd6 38. Nxd6 Qg8 39. Nxe8 Qxe8 40. Qe6 Kg7 41. Rf1 Rh6 42. Rd1 f5 43. Qe5+ Kf7 44. Qxf5+ Rf6 45. Qh7+ Ke6 46. Qg7 Rg6 47. Qf8 1-0

[Event "World-ch Nepomniachtchi-Ding"]
[Site "Astana"]
[Date "2023.04.09"]
[Round "1"]
[White "Nepomniachtchi, Ian"]
[Black "Ding, Liren"]
[Result "1/2-1/2"]
[WhiteElo "2795"]
[BlackElo "2788"]
[PlyCount "97"]
[EventDate "2023.04.09"]
[EventType "match"]
[EventRounds "14"]
[EventCountry "KAZ"]
[SourceTitle "CBM 214"]
[Source "ChessBase"]
[SourceDate "2023.06.30"]
[SourceVersion "1"]
[SourceVersionDate "2023.06.30"]
[SourceQuality "1"]

1. e4 e5 2. Nf3 Nc6 3. Bb5 a6 4. Ba4 Nf6 5. 0-0 Be7 6. Bxc6 dxc6 7. Re1 Nd7 8. d4 exd4 9. Qxd4 0-0 10. Bf4 Nc5 11. Qe3 Bg4 12. Nd4 Qd7 13. Nc3 Rad8 14. Nf5 Ne6 15. Nxe7+ Qxe7 16. Bg3 Bh5 17. f3 f6 18. h3 h6 19. Kh2 Bf7 20. Rad1 b6 21. a3 a5 22. Ne2 Rxd1 23. Rxd1 Rd8 24. Rd3 c5 25. Qd2 c6 26. Rxd8+ Nxd8 27. Qf4 b5 28. Qb8 Kh7 29. Bd6 Qd7 30. Ng3 Ne6 31. f4 h5 32. c3 c4 33. h4 Qd8 34. Qb7 Be8 35. Nf5 Qd7 36. Qb8 Qd8 37. Qxd8 Nxd8 38. Nd4 Nb7 39. e5 Kg8 40. Kg3 Bd7 41. Bc7 Nc5 42. Bxa5 Kf7 43. Bb4 Nd3 44. e6+ Bxe6 45. Nxc6 Bd7 46. Nd4 Nxb2 47. Kf3 Nd3 48. g3 Nc1 49. Ke3 1/2-1/2

[Event "Tata Steel-A 85th"]
[Site "Wijk aan Zee"]
[Date "2023.01.29"]
[Round "13"]
[White "Ding, Liren"]
[Black "Caruana, Fabiano"]
[Result "1/2-1/2"]
[WhiteElo "2811"]
[BlackElo "2766"]
[PlyCount "37"]
[EventDate "2023.01.13"]
[EventType "tourn"]
[EventRounds "13"]
[EventCountry "NED"]
[EventCategory "20"]
[SourceTitle "CBM 212"]
[Source "ChessBase"]
[SourceDate "2023.02.28"]
[SourceVersion "1"]
[SourceVersionDate "2023.02.28"]
[SourceQuality "1"]

1. e4 e5 2. Nf3 Nc6 3. Bb5 a6 4. Ba4 Nf6 5. 0-0 b5 6. Bb3 Bc5 7. c3 d6 8. d4 Bb6 9. Be3 0-0 10. Nbd2 h6 11. h3 Re8 12. Re1 Rb8 13. Bc2 Bb7 14. a3 exd4 15. cxd4 Ne7 16. Nh4 Nc6 17. Nhf3 Ne7 18. Nh4 Nc6 19. Nhf3 1/2-1/2

[Event "Tata Steel-A 85th"]
[Site "Wijk aan Zee"]
[Date "2023.01.25"]
[Round "10"]
[White "Abdusattorov, Nodirbek"]
[Black "Ding, Liren"]
[Result "1/2-1/2"]
[WhiteElo "2713"]
[BlackElo "2811"]
[PlyCount "53"]
[EventDate "2023.01.13"]
[EventType "tourn"]
[EventRounds "13"]
[EventCountry "NED"]
[EventCategory "20"]
[SourceTitle "CBM 212"]
[Source "ChessBase"]
[SourceDate "2023.02.28"]
[SourceVersion "1"]
[SourceVersionDate "2023.02.28"]
[SourceQuality "1"]

1. e4 e5 2. Nf3 Nc6 3. Bb5 Nf6 4. 0-0 Nxe4 5. Re1 Nd6 6. Nxe5 Be7 7. Bf1 Nxe5 8. Rxe5 0-0 9. Nc3 Bf6 10. Re1 Re8 11. Rxe8+ Nxe8 12. Nd5 Bg5 13. d4 Bxc1 14. Rxc1 c6 15. Ne3 d5 16. c4 dxc4 17. Bxc4 Bd7 18. d5 Rc8 19. dxc6 Bxc6 20. Qb3 Nd6 21. Rd1 Qf6 22. Bd5 h6 23. h3 Qe5 24. Kf1 Bb5+ 25. Kg1 Bc6 26. Kf1 Bb5+ 27. Kg1 1/2-1/2

[Event "Tata Steel-A 85th"]
[Site "Wijk aan Zee"]
[Date "2023.01.19"]
[Round "5"]
[White "Erigaisi, Arjun Kumar"]
[Black "Ding, Liren"]
[Result "1/2-1/2"]
[WhiteElo "2722"]
[BlackElo "2811"]
[PlyCount "74"]
[EventDate "2023.01.13"]
[EventType "tourn"]
[EventRounds "13"]
[EventCountry "NED"]
[EventCategory "20"]
[SourceTitle "CBM 212"]
[Source "ChessBase"]
[SourceDate "2023.02.28"]
[SourceVersion "1"]
[SourceVersionDate "2023.02.28"]
[SourceQuality "1"]

1. e4 e5 2. Nf3 Nc6 3. Bc4 Bc5 4. c3 Nf6 5. d3 d6 6. 0-0 0-0 7. Bg5 h6 8. Bh4 g5 9. Bg3 a5 10. Re1 Ba7 11. Nbd2 Nh7 12. d4 g4 13. Nh4 exd4 14. Rb1 Ne5 15. Bb3 dxc3 16. bxc3 h5 17. Nf5 Ng6 18. h3 a4 19. Bc4 d5 20. Bxd5 Bxf5 21. exf5 Qxd5 22. fxg6 fxg6 23. hxg4 Nf6 24. Qc2 Qf7 25. Rxb7 Nxg4 26. Nf3 Bb6 27. c4 Ra5 28. Rb1 Qf6 29. Bxc7 Bxf2+ 30. Kh1 Rf5 31. Qe4 Rxf3 32. Qd5+ Rf7 33. Bd8 Qf4 34. Bc7 Qf6 35. Bd8 Qf4 36. Bc7 Qf6 37. Bd8 Rf5 1/2-1/2